000 00662nam a2200205Ii 4500
003 JO-AjNU
008 230605s9999||||xx |||||||||||||| ||und||
040 _aJO-AjNU
_bara
_erda
_cJO-AjNU
041 _aara
050 1 4 _aPJ7561.N39 2007
100 3 _aالملائكة،نازك,
_eauthor
_911274
245 0 0 _aقضايا الشعر المعاصر
250 _aط14
264 3 1 _aبيروت:دار العلم للملايين،2007
300 _a360ص
336 _atext
_btxt
_2rdacontent
337 _aunmediated
_bn
_2rdamedia
338 _avolume
_bnc
_2rdacarrier
650 4 _aالشعر العربي-القرن العشرين-تاريخ و نقد
_911275
999 _aA2239
_c5807
_d5807